<?xml version="1.0" encoding="UTF-8"?>
<collection xmlns="http://www.loc.gov/MARC21/slim">
    <record>
        <controlfield tag="001">98937</controlfield>
        <controlfield tag="005">20210211114122.0</controlfield>
        <datafield tag="037" ind1=" " ind2=" ">
            <subfield code="a">TAZ-TFG-2020-1097</subfield>
        </datafield>
        <datafield tag="041" ind1=" " ind2=" ">
            <subfield code="a">spa</subfield>
        </datafield>
        <datafield tag="100" ind1="1" ind2=" ">
            <subfield code="a">Pardo Chueca, Raúl</subfield>
        </datafield>
        <datafield tag="242" ind1="0" ind2="0">
            <subfield code="a">Effect of program on functional limitations observed in overhead squad test</subfield>
        </datafield>
        <datafield tag="245" ind1="0" ind2="0">
            <subfield code="a">Efecto de un programa sobre las limitaciones funcionales observadas en el test de sentadilla overhead</subfield>
        </datafield>
        <datafield tag="260" ind1=" " ind2=" ">
            <subfield code="a">Zaragoza</subfield>
            <subfield code="b">Universidad de Zaragoza</subfield>
            <subfield code="c">2020</subfield>
        </datafield>
        <datafield tag="506" ind1=" " ind2=" ">
            <subfield code="a">by-nc-sa</subfield>
            <subfield code="b">Creative Commons</subfield>
            <subfield code="c">3.0</subfield>
            <subfield code="u">http://creativecommons.org/licenses/by-nc-sa/3.0/</subfield>
        </datafield>
        <datafield tag="520" ind1=" " ind2=" ">
            <subfield code="a">INTRODUCCIÓN Y OBJETIVOS &lt;br />Los jugadores de fútbol presentan importantes déficits funcionales, lo cual predispone a sufrir numerosas lesiones importantes. Anteriormente la evaluación de los deportistas se basaba en la utilización de tests que casi exclusivamente analizaban parámetros condicionales, no obstante esto se considera incompleto en la actualidad. Así, surge la realización de la sentadilla overhead, encuadrado en una de las pruebas del Funcional Movement Screen, como un método importante a utilizar para evaluar las limitaciones funcionales de los deportistas. &lt;br />El objetivo del estudio es valorar las limitaciones funcionales de jugadores de fútbol de categoría juvenil a través del test de la sentadilla overhead y  determinar los efectos que provoca un programa de intervención.   &lt;br />MATERIAL Y MÉTODOS &lt;br />63 participantes divididos en 3 grupos (GE, GE b y GC) fueron sometidos a la prueba de sentadilla overhead, realizando el GE un programa de intervención principal, el GE b un trabajo no tan específico ni completo como el GE, y el GC  no hizo programa.  &lt;br />RESULTADOS Y DISCUSIÓN &lt;br />Los resultados de la prueba muestran que los 3 grupos presentan importantes limitaciones funcionales. Los pocos estudios existentes que utilizan la sentadilla overhead para evaluar las limitaciones funcionales en jugadores de fútbol se correlacionan con los resultados, reflejando que la mayor parte muestran importantes limitaciones funcionales.  &lt;br />CONCLUSIONES &lt;br />Los 3 grupos de la muestra evaluada presentan importantes limitaciones funcionales observadas a través del test de sentadilla overhead. Atendiendo al análisis global del Functional Movement Screen (FMS) un 74,6% realizaba una ejecución incorrecta del movimiento. El análisis analítico, en el plano frontal, un 33,3% de la muestra presentaba varo de rodilla, y un 7,9% valgo. En el plano lateral, un 63,5% presentaban los brazos neutros con la cabeza y un 19% caían hacia adelante. En el plano posterior, un 19% mostraban un movimiento asimétrico de caderas.  &lt;br />La sentadilla overhead o overhead squat puede ser un método muy útil para establecer valores normativos en base a las limitaciones funcionales observadas en jugadores de fútbol de categoría juvenil y poder establecer programas de intervención específicos&lt;br />&lt;br /></subfield>
        </datafield>
        <datafield tag="521" ind1=" " ind2=" ">
            <subfield code="a">Graduado en Ciencias de la Actividad Física y del Deporte</subfield>
        </datafield>
        <datafield tag="540" ind1=" " ind2=" ">
            <subfield code="a">Derechos regulados por licencia Creative Commons</subfield>
        </datafield>
        <datafield tag="700" ind1=" " ind2=" ">
            <subfield code="a">Álvarez Medina, Javier</subfield>
            <subfield code="e">dir.</subfield>
        </datafield>
        <datafield tag="710" ind1="2" ind2=" ">
            <subfield code="a">Universidad de Zaragoza</subfield>
            <subfield code="b">Fisiatría y Enfermería</subfield>
            <subfield code="c">Educación Física y Deportiva</subfield>
        </datafield>
        <datafield tag="856" ind1="0" ind2=" ">
            <subfield code="f">739606@unizar.es</subfield>
        </datafield>
        <datafield tag="856" ind1="4" ind2=" ">
            <subfield code="s">2049294</subfield>
            <subfield code="u">http://zaguan.unizar.es/record/98937/files/TAZ-TFG-2020-1097.pdf</subfield>
            <subfield code="y">Memoria (spa)</subfield>
        </datafield>
        <datafield tag="909" ind1="C" ind2="O">
            <subfield code="o">oai:zaguan.unizar.es:98937</subfield>
            <subfield code="p">driver</subfield>
            <subfield code="p">trabajos-fin-grado</subfield>
        </datafield>
        <datafield tag="950" ind1=" " ind2=" ">
            <subfield code="a"></subfield>
        </datafield>
        <datafield tag="951" ind1=" " ind2=" ">
            <subfield code="a">deposita:2021-02-11</subfield>
        </datafield>
        <datafield tag="980" ind1=" " ind2=" ">
            <subfield code="a">TAZ</subfield>
            <subfield code="b">TFG</subfield>
            <subfield code="c">FCSHUES</subfield>
        </datafield>
        <datafield tag="999" ind1=" " ind2=" ">
            <subfield code="a">20200612162041.CREATION_DATE</subfield>
        </datafield>
    </record>

    
</collection>